000 00801cam a22002777a 4500
001 15003440
003 OSt
005 20250901165814.0
008 070912s2007 ke b 000 j swa
010 _a 2007381316
020 _a9966773231
040 _aDLC
_cDLC
042 _alcode
050 0 0 _aPL 8704 .W36 2007
245 0 0 _aShingo ya mbunge na hadithi nyingine /
_cK.W. Wamitila (mhariri).
260 _aNairobi :
_bVide Muwa Publishers,
_c2007.
300 _a[10], 116 p. ;
_c21 cm.
490 0 _aVito vya fasihi ;
_vS8
504 _aIncludes bibliogragraphical references (p. [10]).
520 _aShort stories.
546 _aIn Swahili.
700 1 _aWamitila, K. W.
906 _a7
_bcbc
_corigode
_d4
_encip
_f20
_gy-gencatlg
942 _2lcc
_cBK
999 _c9456
_d9456